01131nabaa22002057a 4500003000400000005001700004008004100021040000700062100003000069245017300099300001300272500003700285505028800322505008900610650002700699650003300726650002300759650002300782773012000805OSt20260125012520.0190701b xxu||||| |||| 00| 0 spa d cPJ aGusman, Alfredo Silverio 13aLa reciente reglamentación de la ley 19.549 por el decreto 695/24 :bprecariedad de los derechos obtenidos a partir del silencio positivo /cAlfredo Silverio Gusman.  ap. 35-40 aCita: TR LALEY AR/DOC/2156/2024  aSumario: I. Introducción: autorizaciones administrativas y silencio positivo.— II. El reciente decreto reglamentario 695 del 2 de agosto de 2024.— III. Silencio positivo, estabilidad del "acto administrativo" y potestad revocatoria de la Administración.— IV. Conclusión.  t¿Te interesa el texto completo? Comunicate al correo: koha@justierradelfuego.gov.ar 0aDERECHO ADMINISTRATIVO 0aPROCEDIMIENTO ADMINISTRATIVO 0aREFORMA DEL ESTADO 0aREFORMA DEL ESTADO0 02842dBuenos Aires : AbeledoPerrot, 2012-oDA121tDerecho administrativo. Nº 155 septiembre/octubre 2024z18510590